Mapping markets for paintings in Europe 1450-1750

Αποθηκεύτηκε σε:
Λεπτομέρειες βιβλιογραφικής εγγραφής
Άλλοι συγγραφείς: De Marchi, Neil (Επιμελητής έκδοσης), Miegroet, Hans J. van (Επιμελητής έκδοσης)
Μορφή: Βιβλίο
Γλώσσα:English
Δημοσίευση: Turnhout : Brepols, 2006
Σειρά:Studies in European urban history (1100-1800) ; 6
Θέματα:
Ετικέτες: Προσθήκη ετικέτας
Δεν υπάρχουν, Καταχωρήστε ετικέτα πρώτοι!

MARC

LEADER 00000nam a2200000 i 4500
001 1/69309
008 080104s2006 eng d
020 |a 2-503-51830-3 
035 |l 10093382 
040 |a GR-MY-UA  |b gre  |e aacr 
041 0 |a eng 
082 0 |a 706.88  |2 (22) 
245 1 0 |a Mapping markets for paintings in Europe 1450-1750 /  |c edited by Neil De Marchi & Hans J. van Miegroet 
260 |a Turnhout :   |b Brepols,   |c 2006 
300 |a xiii, 458 σ.;  |b εικ.;  |c 25 εκ. 
490 1 |a Studies in European urban history (1100-1800)  |v ; 6 
504 |a Περιέχει βιβλιογραφικές παραπομπές (σ. 407-438) και ευρετήριο 
650 0 0 |a Painting  |z Europe  |x Marketing  |x History. 
700 1 |a De Marchi, Neil.  |4 edt 
700 1 |a Miegroet, Hans J. van.  |4 edt 
830 0 |a Studies in European urban history (1100-1800)  |v ; 6 
852 |a INST  |b LESVOS  |e 20080104  |h 706.88 MAP  |p 005100040398  |q 005100040398  |t BK  |y 4  |x 20190711 
901 |a BIBL1-2008-1 
909 |a Λ  |b 142862 
922 |a 1ΕΛΗ  |b 2007-12  |c ΤΑΚ/ΚΥΒ  |d ΕΛΕΥΘΕΡΟΥΔΑΚΗΣ 
970 |a ΚΑΡΑ  |b ΓΙΑΣΕΜΗ  |z 2008/01/04